000 00958cam a2200241 a 4500
001 1979396
005 20260422123827.0
008 890623r19891973nyu b 001 0 eng
020 _a0938410873 :
_c$13.95
020 _a9780938410874
050 0 0 _aE743.5
_b.B36 1989
082 0 0 _a973.918
_220
100 1 _aBelfrage, Cedric,
_d1904-
245 1 4 _aThe American Inquisition, 1945-1960 :
_ba profile of the "McCarthy era" /
_cCedric Belfrage.
250 _a1st Thunder's Mouth Press ed.
260 _aNew York, N.Y. :
_bThunder's Mouth Press ;
_aSt. Paul, Minn. :
_bDistributed by Consortium Book Sales and Distribution,
_c1989.
300 _axxv, 328 p. ;
_c24 cm.
500 _aReprint. Originally published: Indianapolis : Bobbs-Merrill, 1973.
650 0 _aInternal security
_zUnited States
_xHistory
_y20th century.
650 0 _aSubversive activities
_zUnited States
_xHistory
_y20th century.
650 0 _aCommunism
_zUnited States.
942 _2lcc
_cBK
_n0
999 _c9443
_d9443